| 000 | 00842nam a22002657a 4500 | ||
|---|---|---|---|
| 001 | 4138 | ||
| 003 | FISKH | ||
| 005 | 20240611133628.0 | ||
| 008 | 240611b cb ||||| |||| 00| 0 eng d | ||
| 020 | _a9780439870603 | ||
| 040 |
_aFISKH _beng _cFISKH _dFISKH |
||
| 050 | _aPZ7.S899 | ||
| 082 | _a428.6 | ||
| 100 |
_aStrasser Todd _d1950- |
||
| 245 |
_aHelp! / _bI'm trapped in the first day of summer camp _cby Todd Strasser |
||
| 260 |
_aNew York : _bScholastic, _c2006 |
||
| 300 |
_a281 pages : _c20 cm |
||
| 505 | _aK | ||
| 520 | _aJake Sherman keeps having to relive the first day of summer camp,including the bus ride and the chop suey for lunch, and it's getting really boring. | ||
| 521 | 8 |
_a590
_bLexile |
|
| 521 | 8 |
_aK
_bRaz-Plus |
|
| 700 | _aTodd Strasser | ||
| 942 |
_2ddc _cBK _n0 |
||
| 999 |
_c4138 _d4138 |
||